00719nam a22001937a 450000500170000001000150001702000260003203500130005803700130007108200160008410000240010024500810012426000440020527000790024930000210032894200300034999900170037995201290039620150320103915.0 aENG-112185 a9789350092224c399.00 aEN-95717 bDBAD/PUB a305.4209546 aSobhrajani, Manisha aThe land I dream of :cby Manisha Sobhrajanibthe story of Kashmir's women / aGurgaonbHachette Book Publishingc2013 a4th & 5th Floor, Corporate Centre, Plot No.94, Sector -44bGurgaone122003 a190p.c21cm(pbk) 2ddccENmSOBh305.4209546 c91480d91480 001040718NFICaDBADbDBADd2015-02-18eDBAD/PUBg399.00l0o305.4209546 SOBpEN-95717r2015-02-18 00:00:00t1v399.00yEN